<?xml version="1.0" encoding="UTF-8"?>
<collection xmlns:xsi="http://www.w3.org/2001/XMLSchema-instance" xsi:schemaLocation="http://www.loc.gov/MARC21/slim http://www.loc.gov/standards/marcxml/schema/MARC21slim.xsd" xmlns="http://www.loc.gov/MARC21/slim">
 <record>
  <leader>00000cam a22000004i 4500</leader>
  <controlfield tag="001">UP-99796217612169941</controlfield>
  <controlfield tag="003">Buklod</controlfield>
  <controlfield tag="005">20160719150538.0</controlfield>
  <controlfield tag="006">a     r    |||| u|</controlfield>
  <controlfield tag="007">ta</controlfield>
  <controlfield tag="008">160719s1982    xx     d     r    |||| u|</controlfield>
  <datafield tag="020" ind1=" " ind2=" ">
   <subfield code="a">0959979190 (pbk.)</subfield>
  </datafield>
  <datafield tag="035" ind1=" " ind2=" ">
   <subfield code="a">(iLib)UPD-00257507224</subfield>
  </datafield>
  <datafield tag="040" ind1=" " ind2=" ">
   <subfield code="a">DLC</subfield>
   <subfield code="d">DCHK</subfield>
   <subfield code="e">RDA</subfield>
  </datafield>
  <datafield tag="090" ind1=" " ind2=" ">
   <subfield code="a">ML 37 A895</subfield>
   <subfield code="b">M87 1982</subfield>
  </datafield>
  <datafield tag="110" ind1="2" ind2=" ">
   <subfield code="a">Musicological Society of Australia.</subfield>
   <subfield code="b">National Symposium</subfield>
   <subfield code="n">(4th</subfield>
   <subfield code="d">1980</subfield>
   <subfield code="c">Perth, W.A.)</subfield>
  </datafield>
  <datafield tag="245" ind1="1" ind2="0">
   <subfield code="a">Music and dance</subfield>
   <subfield code="b">papers from the Fourth National Symposium of the Musicological Society of Australia, held in Perth, August 1980 : together with a cassette recording of interviews with leading participants</subfield>
   <subfield code="c">edited by David Tunley.</subfield>
  </datafield>
  <datafield tag="264" ind1=" " ind2="1">
   <subfield code="a">Nedlands, W.A.</subfield>
   <subfield code="b">Dept. of Music, University of Western Australia</subfield>
   <subfield code="b">Distributed by University of Western Australia Press</subfield>
   <subfield code="c">1982.</subfield>
  </datafield>
  <datafield tag="300" ind1=" " ind2=" ">
   <subfield code="a">117 pages</subfield>
   <subfield code="c">22 cm.</subfield>
  </datafield>
  <datafield tag="336" ind1=" " ind2=" ">
   <subfield code="a">text</subfield>
   <subfield code="2">rdacontent</subfield>
  </datafield>
  <datafield tag="337" ind1=" " ind2=" ">
   <subfield code="a">unmediated</subfield>
   <subfield code="2">rdamedia</subfield>
  </datafield>
  <datafield tag="338" ind1=" " ind2=" ">
   <subfield code="a">volume</subfield>
   <subfield code="2">rdacarrier</subfield>
  </datafield>
  <datafield tag="505" ind1="0" ind2=" ">
   <subfield code="a">Towards a sociology of dance with music / Peter Brinson -- Dance in ancient Greek culture / Graham Pont -- Music for the mediaeval dance / John A. Stinson -- Dances of the Renaissance / Helga M. Hill -- Dance and society in seventeenth-century France / Margaret Mullins -- The influence of the Terpsichore renaissance in opera and cantata in Russia (1732-1791) / Margaret King -- The debate on the Ballet d'action and its classical origins in eighteenth-century German poetics / Andrew McCredie -- The use of dance and music in therapy / Wynelle Delaney -- Songs and dances of the Venda people / John Blacking -- Music and dance, a summary of the symposium / Peter Brinson.</subfield>
  </datafield>
  <datafield tag="650" ind1=" " ind2="0">
   <subfield code="a">Music</subfield>
   <subfield code="v">Congresses.</subfield>
  </datafield>
  <datafield tag="650" ind1=" " ind2="0">
   <subfield code="a">Dance</subfield>
   <subfield code="v">Congresses.</subfield>
  </datafield>
  <datafield tag="700" ind1="1" ind2=" ">
   <subfield code="a">Tunley, David</subfield>
   <subfield code="e">editor.</subfield>
  </datafield>
  <datafield tag="710" ind1="2" ind2=" ">
   <subfield code="a">University of Western Australia.</subfield>
   <subfield code="b">Department of Music.</subfield>
  </datafield>
  <datafield tag="905" ind1=" " ind2=" ">
   <subfield code="a">FO</subfield>
  </datafield>
  <datafield tag="852" ind1="0" ind2=" ">
   <subfield code="a">UPD</subfield>
   <subfield code="b">DCHK</subfield>
   <subfield code="h">ML 37 A895</subfield>
   <subfield code="i">M87 1982</subfield>
  </datafield>
  <datafield tag="942" ind1=" " ind2=" ">
   <subfield code="a">Book</subfield>
  </datafield>
 </record>
</collection>
